[Event "Politiken Cup"]
[Site "Copenhagen"]
[Date "2006.07.24"]
[Round "3.7"]
[White "Negi, Parimarjan"]
[Black "Wustefeld, Carl"]
[Result "1-0"]
[WhiteElo "2480"]
[BlackElo "2248"]
[PlyCount "128"]
[EventDate "2006.??.??"]

1. e4 d5 2. exd5 Qxd5 3. Nc3 Qa5 4. Bc4 Nf6 5. d3 c6 6. Bd2 Qc7 7. Qe2 Nbd7 8.
Nf3 b5 9. Bb3 Nc5 10. Qe5 Qxe5+ 11. Nxe5 Nxb3 12. axb3 Bb7 13. Be3 a6 14. Bc5
e6 15. Bxf8 Rxf8 16. b4 O-O-O 17. Kd2 Nd5 18. Nxd5 Rxd5 19. Rhe1 f6 20. Nf3 e5
21. Ke3 Rfd8 22. Ra3 Kc7 23. Nd2 c5 24. Rc3 Kb6 25. bxc5+ Rxc5 26. Rxc5 Kxc5
27. Ra1 Kb6 28. b4 Rd4 29. c4 Rh4 30. h3 Bxg2 31. Rg1 Rxh3+ 32. f3 Rh2 33. Ne4
bxc4 34. dxc4 f5 35. Nd6 g6 36. c5+ Kc7 37. Ne8+ Kd8 38. Nf6 e4 39. c6 exf3 40.
Rd1+ Kc8 41. Nd5 f4+ 42. Kxf4 Bh3 43. Kxf3 Be6 44. Nf4 Bc4 45. Rc1 Bf7 46. Nd3
Rh4 47. Ke3 Bc4 48. Nf4 Bb5 49. Nd5 Bc4 50. Nb6+ Kc7 51. Nxc4 Kxc6 52. Ne5+ Kb5
53. Nd3 Rh3+ 54. Kd4 Rh4+ 55. Kd5 Rh5+ 56. Kd6 Rh2 57. Rc5+ Kb6 58. Nf4 Rd2+
59. Nd5+ Kb7 60. Rc7+ Kb8 61. Rxh7 g5 62. Rg7 a5 63. bxa5 Ra2 64. Nb4 Ra4 1-0

[Event "Politiken Cup"]
[Site "Copenhagen"]
[Date "2006.07.24"]
[Round "3.8"]
[White "Mikkelsen, Nikolaj"]
[Black "Howell, David WL"]
[Result "1/2-1/2"]
[WhiteElo "2236"]
[BlackElo "2479"]
[PlyCount "48"]
[EventDate "2006.??.??"]

1. e4 e5 2. Nf3 Nc6 3. Bb5 Nf6 4. O-O Nxe4 5. d4 a6 6. Bxc6 dxc6 7. Qe2 Bf5 8.
dxe5 Bc5 9. Be3 Qe7 10. Bxc5 Nxc5 11. Nd4 Bg6 12. Nc3 O-O-O 13. Rad1 f6 14.
Qg4+ Kb8 15. Nxc6+ bxc6 16. Qb4+ Kc8 17. Na4 Rxd1 18. Rxd1 Rd8 19. Re1 a5 20.
Qxc5 Qxe5 21. Nb6+ cxb6 22. Qxc6+ Qc7 23. Qa8+ Kd7 24. Qd5+ Kc8 1/2-1/2

[Event "Politiken Cup"]
[Site "Copenhagen"]
[Date "2006.07.24"]
[Round "3.9"]
[White "Rasmussen, Karsten"]
[Black "Skovgaard, Peter"]
[Result "1-0"]
[WhiteElo "2467"]
[BlackElo "2235"]
[PlyCount "107"]
[EventDate "2006.??.??"]

1. Nf3 Nf6 2. c4 c5 3. Nc3 g6 4. d4 cxd4 5. Nxd4 Nc6 6. g3 Bg7 7. Bg2 O-O 8.
O-O Nxd4 9. Qxd4 d6 10. Qd3 Nd7 11. Qc2 Ne5 12. b3 Nc6 13. Bb2 Be6 14. Rfd1 Qa5
15. Nd5 Bxb2 16. Qxb2 Bxd5 17. Rxd5 Qc7 18. h4 Ne5 19. c5 Rad8 20. Rad1 f6 21.
cxd6 Rxd6 22. Rxd6 exd6 23. Qd4 Qc2 24. Qd2 Qxd2 25. Rxd2 b6 26. Rxd6 Rc8 27.
Bd5+ Kg7 28. f4 Rc1+ 29. Kg2 Ng4 30. Rd7+ Kh8 31. Bf3 Ne3+ 32. Kh2 Rf1 33. g4
h5 34. gxh5 gxh5 35. Rxa7 Nf5 36. Rf7 Nxh4 37. Rxf6 Nxf3+ 38. exf3 Rxf3 39.
Rxb6 Rf2+ 40. Kg3 Rxa2 41. Rh6+ Kg7 42. Rxh5 Kf6 43. Kf3 Rb2 44. Rb5 Ke6 45.
Re5+ Kf6 46. Rb5 Ke6 47. f5+ Kf6 48. Ke3 Ke7 49. Rb6 Rb1 50. Kd4 Rf1 51. f6+
Kd7 52. Ke5 Re1+ 53. Kf5 Ke8 54. Re6+ 1-0

[Event "Politiken Cup"]
[Site "Copenhagen"]
[Date "2006.07.24"]
[Round "3.10"]
[White "Boros, Denes"]
[Black "Willumsen, Henrik"]
[Result "1-0"]
[WhiteElo "2462"]
[BlackElo "2227"]
[PlyCount "55"]
[EventDate "2006.??.??"]

1. e4 c5 2. Nf3 d6 3. d4 cxd4 4. Nxd4 Nf6 5. Nc3 g6 6. Be3 Bg7 7. f3 Nc6 8. Qd2
O-O 9. Bc4 Bd7 10. Bb3 Rc8 11. O-O-O Ne5 12. Kb1 a5 13. a4 Nc4 14. Bxc4 Rxc4
15. b3 Rc5 16. Ne6 fxe6 17. Bxc5 dxc5 18. e5 Qb6 19. exf6 Bxf6 20. Qxd7 Bxc3
21. Qxe7 Bf6 22. Rd6 Qb4 23. Qxe6+ Kh8 24. Qc4 Qa3 25. Rxf6 Rxf6 26. Qc3 Kg7
27. Rd1 Kf7 28. Rd7+ 1-0

[Event "Politiken Cup"]
[Site "Copenhagen"]
[Date "2006.07.24"]
[Round "3.11"]
[White "Aagaard, Jacob"]
[Black "Muratet Casadevall, Albert"]
[Result "1/2-1/2"]
[WhiteElo "2457"]
[BlackElo "2216"]
[PlyCount "45"]
[EventDate "2006.??.??"]

1. e4 c5 2. Nf3 d6 3. d4 cxd4 4. Nxd4 Nf6 5. Nc3 a6 6. Be3 e5 7. Nf3 Qc7 8. a4
Be6 9. Ng5 Bc4 10. Bxc4 Qxc4 11. a5 h6 12. Ra4 Qc6 13. Nf3 Nbd7 14. Qd3 Rc8 15.
O-O Be7 16. Nh4 g6 17. Raa1 Nc5 18. Bxc5 Qxc5 19. Nf3 O-O 20. Qd2 Kg7 21. Ne1
d5 22. exd5 Rfd8 23. Nd3 1/2-1/2

[Event "Politiken Cup"]
[Site "Copenhagen"]
[Date "2006.07.24"]
[Round "3.12"]
[White "Romsdal, Trond"]
[Black "Kristiansen, Jens"]
[Result "0-1"]
[WhiteElo "2215"]
[BlackElo "2425"]
[PlyCount "62"]
[EventDate "2006.??.??"]

1. d4 f5 2. c4 Nf6 3. Nc3 e6 4. g3 Bb4 5. Bg2 O-O 6. Qc2 Nc6 7. Nf3 d6 8. O-O
Qe7 9. Nb1 e5 10. d5 Nd8 11. a3 Bc5 12. b4 Bb6 13. Bb2 Nf7 14. Nfd2 f4 15. Nb3
a6 16. N1d2 Ng5 17. c5 Ba7 18. Rac1 Qf7 19. gxf4 exf4 20. Qc3 Bd7 21. h4 f3 22.
Nxf3 Nxf3+ 23. Bxf3 Rae8 24. Qd4 Qg6+ 25. Kh2 Qf5 26. Rh1 Rf7 27. Kg2 Re5 28.
Rcd1 Nxd5 29. Kf1 Bb5 30. Bg4 Bxe2+ 31. Bxe2 Ne3+ 0-1

[Event "Politiken Cup"]
[Site "Copenhagen"]
[Date "2006.07.24"]
[Round "3.13"]
[White "Hoi, Carsten"]
[Black "Schultz-Pedersen, Jesper"]
[Result "1-0"]
[WhiteElo "2386"]
[BlackElo "2203"]
[PlyCount "61"]
[EventDate "2006.??.??"]

1. d4 d5 2. Nf3 Bg4 3. Ne5 Bf5 4. c4 f6 5. Nf3 e6 6. Nc3 c6 7. e3 Bd6 8. Nh4
Bg6 9. Nxg6 hxg6 10. e4 Ne7 11. Qb3 Qb6 12. Qc2 Bb4 13. Be3 Nd7 14. Bd3 f5 15.
exd5 exd5 16. c5 Qc7 17. g3 Nf6 18. Bf4 Qa5 19. O-O Bxc3 20. bxc3 Kf7 21. Rfe1
Rhe8 22. Reb1 b6 23. Bc7 Nc8 24. Rb4 Ne4 25. Bxe4 Rxe4 26. Ra4 Qb5 27. Rb1 Re2
28. Rxb5 Rxc2 29. cxb6 cxb5 30. b7 Rb8 31. Bxb8 1-0

[Event "Politiken Cup"]
[Site "Copenhagen"]
[Date "2006.07.24"]
[Round "3.14"]
[White "Jorgensen, Dennis"]
[Black "Tjiam, Dharma"]
[Result "1/2-1/2"]
[WhiteElo "2179"]
[BlackElo "2391"]
[PlyCount "75"]
[EventDate "2006.??.??"]

1. d4 Nf6 2. Nf3 g6 3. g3 Bg7 4. Bg2 O-O 5. O-O d6 6. c4 c6 7. Nc3 Nbd7 8. h3
Qc7 9. e4 e5 10. Be3 Re8 11. Re1 a6 12. Rc1 exd4 13. Nxd4 b6 14. Nxc6 Bb7 15.
Nb4 Rac8 16. Nbd5 Qb8 17. Nxf6+ Nxf6 18. Qd3 Nd7 19. b3 Nc5 20. Bxc5 dxc5 21.
Nd5 Bd4 22. Re2 Rcd8 23. Rce1 b5 24. Kh2 Bc8 25. Qd2 Kg7 26. b4 bxc4 27. bxc5
Bxc5 28. Qc3+ Qe5 29. Qxc4 Qd4 30. Qc2 Bd6 31. f4 f6 32. Nxf6 Qxf6 33. e5 Qf5
34. Qxf5 Bxf5 35. exd6 Rxe2 36. Rxe2 Rxd6 37. g4 Be6 38. Be4 1/2-1/2

[Event "Politiken Cup"]
[Site "Copenhagen"]
[Date "2006.07.24"]
[Round "3.16"]
[White "Haapasalo, Jukka-Pekka"]
[Black "Antonsen, Mikkel"]
[Result "1/2-1/2"]
[WhiteElo "2200"]
[BlackElo "2380"]
[PlyCount "82"]
[EventDate "2006.??.??"]

1. Nf3 Nf6 2. c4 g6 3. g3 Bg7 4. Bg2 d5 5. cxd5 Nxd5 6. Qa4+ Nc6 7. Nc3 O-O 8.
Qh4 Ndb4 9. O-O Nc2 10. Rb1 N2d4 11. Nxd4 Nxd4 12. d3 c6 13. e4 b5 14. Bh6 e5
15. Qxd8 Rxd8 16. Bxg7 Kxg7 17. f4 f6 18. Kf2 Be6 19. b3 a5 20. Rfc1 Rd6 21.
Bf1 g5 22. Ke3 c5 23. Ne2 Rc6 24. f5 Bf7 25. Nxd4 exd4+ 26. Kf2 Rb8 27. a3 Kf8
28. Be2 Ke7 29. Bd1 Kd6 30. Bc2 Ke5 31. Rg1 h5 32. h4 g4 33. Rgc1 Rcb6 34. Bd1
c4 35. Bc2 Kd6 36. Bd1 Ke5 37. Bc2 R8b7 38. Bd1 Kd6 39. Bc2 Ke5 40. Bd1 Rb8 41.
Be2 c3 1/2-1/2

[Event "Politiken Cup"]
[Site "Copenhagen"]
[Date "2006.07.24"]
[Round "3.17"]
[White "Degtiarev, Evgeny"]
[Black "Dalberg, Preben"]
[Result "1-0"]
[WhiteElo "2378"]
[BlackElo "2190"]
[PlyCount "79"]
[EventDate "2006.??.??"]

1. d4 d5 2. Nf3 Nf6 3. c4 e6 4. Nc3 Be7 5. cxd5 exd5 6. Bf4 c6 7. e3 Bf5 8. h3
Qb6 9. Bd3 Bxd3 10. Qxd3 Nbd7 11. O-O O-O 12. g4 Rfe8 13. g5 Ne4 14. Nxe4 dxe4
15. Qxe4 Bxg5 16. Qf5 Bxf4 17. Qxf4 Re6 18. b3 Rae8 19. Kh1 Qb5 20. Rg1 Qd5 21.
Rg5 Qe4 22. Qxe4 Rxe4 23. b4 h6 24. Ra5 a6 25. a4 Nb8 26. Rc5 Nd7 27. Rc2 Ra8
28. Rb1 Re6 29. b5 axb5 30. axb5 Kf8 31. bxc6 bxc6 32. Rb7 Ke8 33. Rc7 Ra6 34.
Rb2 Rd6 35. Rbb7 f6 36. Rc8+ Kf7 37. e4 Ra3 38. Kg2 Rxf3 39. Kxf3 Rxd4 40. Rxc6
1-0

[Event "Politiken Cup"]
[Site "Copenhagen"]
[Date "2006.07.24"]
[Round "3.18"]
[White "Petersen, Peter Birk"]
[Black "Brinck-Claussen, Bjorn"]
[Result "1/2-1/2"]
[WhiteElo "2186"]
[BlackElo "2358"]
[PlyCount "57"]
[EventDate "2006.??.??"]

1. e4 e6 2. d3 d5 3. Qe2 Be7 4. Nf3 Nf6 5. g3 c5 6. Bg2 Nc6 7. O-O O-O 8. e5
Nd7 9. h4 b5 10. c3 a5 11. Bf4 Ba6 12. Nbd2 Nb6 13. Rfe1 c4 14. d4 Na4 15. Nf1
b4 16. Qc2 Bb5 17. Bg5 h6 18. Bxe7 Qxe7 19. Ne3 bxc3 20. bxc3 Qa3 21. Nd1 Rab8
22. Nd2 Na7 23. Nb1 Qe7 24. Bf3 Bc6 25. Nd2 Rb6 26. Nxc4 dxc4 27. Bxc6 Nxc3 28.
Bg2 Nxd1 29. Raxd1 1/2-1/2

[Event "Politiken Cup"]
[Site "Copenhagen"]
[Date "2006.07.24"]
[Round "3.19"]
[White "Tallaksen, Geir S"]
[Black "Schou-Moldt, Thomas"]
[Result "1-0"]
[WhiteElo "2356"]
[BlackElo "2184"]
[PlyCount "105"]
[EventDate "2006.??.??"]

1. d4 Nf6 2. c4 d6 3. Nc3 e5 4. Nf3 Nbd7 5. e4 Be7 6. Be2 O-O 7. O-O c6 8. Be3
Qe8 9. d5 cxd5 10. cxd5 Ng4 11. Bc1 Bd8 12. Nd2 Ngf6 13. Nc4 Qe7 14. Be3 Ne8
15. a4 f5 16. exf5 Rxf5 17. Bg4 Rf8 18. Be6+ Kh8 19. f4 exf4 20. Bxf4 Nb6 21.
Qe2 Nxc4 22. Qxc4 Nf6 23. Rae1 Bb6+ 24. Kh1 Qd8 25. Nb5 Bxe6 26. dxe6 d5 27.
Qd3 Ne4 28. Nc3 Bf2 29. Nxd5 Nc5 30. Qd1 Bxe1 31. e7 Qa5 32. exf8=Q+ Rxf8 33.
Qxe1 Qxe1 34. Rxe1 Nxa4 35. Be5 Nc5 36. Bd6 Nd3 37. Bxf8 Nxe1 38. Bb4 Nd3 39.
Bc3 Kg8 40. Kg1 Kf7 41. Kf1 Ke6 42. Nb4 Nc5 43. Bxg7 a5 44. Nc2 Kd5 45. Ne3+
Ke4 46. Nc4 a4 47. Nb6 Kd3 48. Bf8 Ne6 49. Bd6 Kc2 50. Nxa4 b5 51. Nc5 Nd4 52.
b4 Kc3 53. Be5 1-0

[Event "Politiken Cup"]
[Site "Copenhagen"]
[Date "2006.07.24"]
[Round "3.20"]
[White "Rasmussen, Allan Stig"]
[Black "Solberg, Joachim"]
[Result "1-0"]
[WhiteElo "2353"]
[BlackElo "2179"]
[PlyCount "128"]
[EventDate "2006.??.??"]

1. e4 c5 2. d3 Nc6 3. f4 d5 4. Be2 Nd4 5. Nf3 Nxe2 6. Qxe2 Bg4 7. O-O Qd7 8. f5
O-O-O 9. Qf2 Bxf3 10. Qxc5+ Kb8 11. Rxf3 e6 12. Bf4+ Ka8 13. Qa5 dxe4 14. fxe6
fxe6 15. dxe4 Qd1+ 16. Rf1 b6 17. Qb5 Qd4+ 18. Kh1 Qxe4 19. Nc3 Qb7 20. Rad1
Be7 21. Rxd8+ Bxd8 22. Qe8 Qe7 23. Qc6+ Qb7 24. Qxe6 Nf6 25. Qc4 Re8 26. h3 a6
27. a4 Be7 28. Be5 Rc8 29. Qf7 Bd8 30. Qb3 Rc5 31. Bd4 Rg5 32. Rf2 Rg3 33. Qe6
Rg5 34. Bxf6 Bxf6 35. Nd5 Re5 36. Qg8+ Ka7 37. Nxf6 Re1+ 38. Kh2 Qc7+ 39. g3
gxf6 40. Qd5 Re3 41. Qg2 Qe5 42. Rd2 Kb8 43. Qf2 Kc8 44. b3 h5 45. Rd5 Qxd5 46.
Qxe3 Qf5 47. Qe2 a5 48. Qc4+ Kb7 49. Kg2 Qe5 50. Qd3 Ka7 51. Kf3 Qe1 52. h4 Qe5
53. Qe4 Qc5 54. Ke2 Qc7 55. Qd3 Qe5+ 56. Kd2 Qc7 57. Qe3 Qb7 58. Kc1 Qd7 59.
Qf3 Qf7 60. Qf5 Ka6 61. Kb2 Ka7 62. c4 Qg7 63. c5 Qb7 64. cxb6+ Qxb6 1-0

[Event "Politiken Cup"]
[Site "Copenhagen"]
[Date "2006.07.24"]
[Round "3.21"]
[White "Zozulia, Anna"]
[Black "Rhee, Alexander"]
[Result "1-0"]
[WhiteElo "2352"]
[BlackElo "2072"]
[PlyCount "87"]
[EventDate "2006.??.??"]

1. e4 c5 2. Nf3 d6 3. d4 cxd4 4. Nxd4 Nf6 5. Nc3 a6 6. Be2 e6 7. O-O Be7 8. a4
Nc6 9. Be3 O-O 10. f4 Re8 11. Kh1 Qc7 12. Bf3 Bf8 13. Nb3 b6 14. Qd2 Rb8 15.
Qf2 Na5 16. Rae1 Nc4 17. Bc1 b5 18. axb5 axb5 19. Nd1 Bb7 20. Nd4 Ba8 21. b3
Na5 22. Bb2 b4 23. e5 Nd5 24. Be4 Ne7 25. Bxa8 Rxa8 26. Nb5 Qc6 27. Nxd6 Red8
28. Ne3 Nc8 29. f5 Nxd6 30. exd6 Qxd6 31. fxe6 Qxe6 32. Nf5 Qg6 33. Bxg7 Nc6
34. Bb2 Ra5 35. Nh4 Qh5 36. Qf6 Rd4 37. Bxd4 Nxd4 38. Qxd4 Rg5 39. Re8 f5 40.
Qc4+ Kg7 41. Qc7+ Kg8 42. Qd8 Qxh4 43. Rxf8+ Kg7 44. Qf6# 1-0

[Event "Politiken Cup"]
[Site "Copenhagen"]
[Date "2006.07.24"]
[Round "3.22"]
[White "Kirkegaard, Niels"]
[Black "Adamski, Jan"]
[Result "1/2-1/2"]
[WhiteElo "2029"]
[BlackElo "2348"]
[PlyCount "67"]
[EventDate "2006.??.??"]

1. e4 c5 2. Nf3 e6 3. d4 cxd4 4. Nxd4 a6 5. Bd3 Nf6 6. O-O d6 7. c4 Bd7 8. Nc3
Nc6 9. Nxc6 Bxc6 10. Qe2 Be7 11. b3 O-O 12. Bb2 Nd7 13. f4 Bf6 14. Kh1 Bd4 15.
a4 a5 16. Rad1 e5 17. Bc2 Qh4 18. Rf3 Nf6 19. fxe5 Bxe5 20. Rh3 Qg4 21. Qxg4
Nxg4 22. Kg1 Rfe8 23. Ba3 Bxc3 24. Rxc3 Nf6 25. Bxd6 Nxe4 26. Bxe4 Rxe4 27.
Rcd3 Re2 28. R1d2 Rae8 29. Bc7 f6 30. Bxa5 Bxg2 31. c5 Bc6 32. Kf1 Bg2+ 33. Kg1
Bc6 34. Kf1 1/2-1/2

[Event "Politiken Cup"]
[Site "Copenhagen"]
[Date "2006.07.24"]
[Round "3.23"]
[White "Thomassen, Joachim"]
[Black "Rasmussen, Casper"]
[Result "0-1"]
[WhiteElo "2006"]
[BlackElo "2290"]
[PlyCount "32"]
[EventDate "2006.??.??"]

1. e4 e5 2. Nf3 Nf6 3. Nxe5 d6 4. Nf3 Nxe4 5. d4 d5 6. Bd3 Nc6 7. c4 Bb4+ 8.
Bd2 Nxd2 9. Nbxd2 dxc4 10. Bxc4 O-O 11. d5 Re8+ 12. Kf1 Na5 13. Qa4 Bxd2 14.
Nxd2 c6 15. dxc6 Qxd2 16. Rd1 Nxc4 0-1

[Event "Politiken Cup"]
[Site "Copenhagen"]
[Date "2006.07.24"]
[Round "3.26"]
[White "Laksman, Efraim"]
[Black "Bromann, Thorbjorn"]
[Result "0-1"]
[WhiteElo "2089"]
[BlackElo "2364"]
[PlyCount "94"]
[EventDate "2006.??.??"]

1. Nf3 d5 2. d4 c6 3. e3 Bg4 4. c4 e6 5. b3 Nd7 6. Be2 f5 7. O-O Bd6 8. Ba3
Bxa3 9. Nxa3 Ngf6 10. Nd2 Bxe2 11. Qxe2 Qe7 12. Nc2 O-O 13. Rfc1 Kh8 14. b4 e5
15. b5 cxb5 16. cxb5 e4 17. a3 Qd6 18. Nb4 f4 19. exf4 Qxf4 20. Nf1 Rfd8 21.
Qe3 Qd6 22. Qg3 Qb6 23. Ne3 Nf8 24. Rc5 Ne6 25. Nbxd5 Nxd5 26. Nxd5 Qa5 27. Nc7
Nxc5 28. Nxa8 Ne6 29. Qe5 Qc3 30. Rf1 Nxd4 31. Qxe4 Rxa8 32. Qxb7 Qc8 33. Qd5
Qd8 34. Qc5 Ne2+ 35. Kh1 Qd3 36. Ra1 Qc3 37. Qxc3 Nxc3 38. a4 Kg8 39. Ra3 Ne4
40. f3 Rc8 41. h3 Rc1+ 42. Kh2 Nc3 43. Kg3 Kf7 44. Kf4 Ke6 45. Ke3 Kd6 46. Kd4
Ne2+ 47. Ke3 Rc3+ 0-1

[Event "Politiken Cup"]
[Site "Copenhagen"]
[Date "2006.07.24"]
[Round "3.27"]
[White "Urkedal, Frode"]
[Black "Berry, Neil"]
[Result "1-0"]
[WhiteElo "2070"]
[BlackElo "2334"]
[PlyCount "71"]
[EventDate "2006.??.??"]

1. d4 d5 2. c4 c6 3. Nf3 Nf6 4. Nc3 a6 5. e3 e6 6. cxd5 exd5 7. Bd3 Nbd7 8. O-O
Be7 9. Rb1 O-O 10. b4 Re8 11. Qc2 Bd6 12. a4 Nf8 13. Bd2 Bg4 14. Ne1 Ne4 15. b5
axb5 16. axb5 Re6 17. Nxe4 dxe4 18. Bxe4 Be2 19. g3 Bxf1 20. Kxf1 Rh6 21. bxc6
bxc6 22. Kg1 Rc8 23. Nd3 Ne6 24. Bg2 Qf6 25. h4 g5 26. d5 gxh4 27. dxe6 hxg3
28. exf7+ Qxf7 29. f4 Qh5 30. Qc4+ Qf7 31. Qd4 c5 32. Qc3 Qa2 33. Rb7 Bf8 34.
Qe5 Re6 35. Qg5+ Rg6 36. Bd5+ 1-0

[Event "Politiken Cup"]
[Site "Copenhagen"]
[Date "2006.07.24"]
[Round "3.28"]
[White "Lund, Esben"]
[Black "Werner, Gert"]
[Result "1-0"]
[WhiteElo "2296"]
[BlackElo "2069"]
[PlyCount "91"]
[EventDate "2006.??.??"]

1. d4 g6 2. c4 Bg7 3. e4 d6 4. Nc3 Nc6 5. Be3 e5 6. Nge2 exd4 7. Nxd4 Nxd4 8.
Bxd4 Nf6 9. Be2 O-O 10. O-O Re8 11. Qd3 b6 12. Rfe1 Bb7 13. f3 Nd7 14. Bxg7
Kxg7 15. Nd5 c6 16. Qc3+ Kg8 17. Ne3 Qf6 18. Rad1 Qxc3 19. bxc3 Re6 20. g4 Nc5
21. Rd2 Rae8 22. Bf1 f6 23. Red1 Nxe4 24. fxe4 Rxe4 25. Ng2 Rxg4 26. Rxd6 c5
27. Rxf6 Bxg2 28. Bxg2 Kg7 29. Rf2 Re3 30. Rd7+ Kh6 31. Rc2 Rxc4 32. Rxa7 Rexc3
33. Rxc3 Rxc3 34. Bd5 b5 35. Bg8 c4 36. Rxh7+ Kg5 37. Re7 b4 38. Re5+ Kf4 39.
Rc5 Rc1+ 40. Kg2 Rc2+ 41. Kh3 b3 42. axb3 cxb3 43. Rb5 b2 44. Rb4+ Kg5 45. Bd5
Kf5 46. Be4+ 1-0

[Event "Politiken Cup"]
[Site "Copenhagen"]
[Date "2006.07.24"]
[Round "3.29"]
[White "Andersen, Dan"]
[Black "Grassie, Duncan"]
[Result "1-0"]
[WhiteElo "2278"]
[BlackElo "2042"]
[PlyCount "81"]
[EventDate "2006.??.??"]

1. c4 Nf6 2. Nc3 d5 3. cxd5 Nxd5 4. g3 g6 5. Bg2 Nxc3 6. bxc3 Bg7 7. h4 h5 8.
Nf3 O-O 9. O-O c5 10. d4 Nc6 11. d5 Nb4 12. cxb4 Bxa1 13. Bh6 Bg7 14. Bxg7 Kxg7
15. bxc5 Qa5 16. Qc2 Bg4 17. Ne5 Rac8 18. c6 bxc6 19. Nxc6 Qa3 20. Rb1 Rc7 21.
e4 Bd7 22. Rb3 Qd6 23. Qb2+ f6 24. e5 fxe5 25. Nxe5 Kh7 26. Re3 Bf5 27. Qd4 Qb6
28. Qf4 Rf6 29. Nc6 Qb7 30. Qe5 Rf8 31. Nxe7 Qb1+ 32. Kh2 Rc1 33. Rb3 Qa1 34.
Qe3 Bh3 35. Nxg6 Bxg2 36. Rb7+ Qg7 37. Nxf8+ Kg8 38. Rxg7+ Kxg7 39. Ne6+ Kf6
40. Qg5+ Kf7 41. Qg7+ 1-0

[Event "Politiken Cup"]
[Site "Copenhagen"]
[Date "2006.07.24"]
[Round "3.30"]
[White "Lahlum, Hans Olav"]
[Black "Valla, Martin"]
[Result "1/2-1/2"]
[WhiteElo "2264"]
[BlackElo "2034"]
[PlyCount "25"]
[EventDate "2006.??.??"]

1. d4 d5 2. c4 dxc4 3. e4 e5 4. Nf3 exd4 5. Qxd4 Qxd4 6. Nxd4 Bc5 7. Be3 Nf6 8.
f3 Nc6 9. Nf5 Bxf5 10. Bxc5 Be6 11. Na3 Nd7 12. Be3 Nde5 13. O-O-O 1/2-1/2

[Event "Politiken Cup"]
[Site "Copenhagen"]
[Date "2006.07.24"]
[Round "3.31"]
[White "Christensen, Bo Garner"]
[Black "Danielsson, Robert"]
[Result "1-0"]
[WhiteElo "2247"]
[BlackElo "2037"]
[PlyCount "97"]
[EventDate "2006.??.??"]

1. e4 c5 2. Nf3 Nc6 3. d4 cxd4 4. Nxd4 g6 5. Nc3 Bg7 6. Be3 Nf6 7. f3 O-O 8.
Qd2 d5 9. O-O-O dxe4 10. Nxc6 Qxd2+ 11. Bxd2 bxc6 12. fxe4 Be6 13. Bg5 Rfd8 14.
Ba6 Rxd1+ 15. Rxd1 Rb8 16. Bf4 Re8 17. Bb7 c5 18. Na4 c4 19. h3 Nh5 20. Be3 Be5
21. Nc5 Bf4 22. Bxf4 Nxf4 23. Nxe6 Nxe6 24. Bd5 Nf4 25. e5 Rc8 26. Bf3 Rc7 27.
Rd8+ Kg7 28. Kd2 Ne6 29. Ra8 f6 30. exf6+ exf6 31. Kc3 Nf4 32. Rb8 f5 33. Rb7
Rxb7 34. Bxb7 g5 35. Kxc4 h5 36. b4 h4 37. a4 g4 38. hxg4 fxg4 39. b5 Kf6 40.
a5 Ke7 41. a6 Ne6 42. b6 axb6 43. a7 Nc7 44. a8=Q Nxa8 45. Bxa8 Kd6 46. Kb5 Kc7
47. Be4 h3 48. gxh3 gxh3 49. c4 1-0

[Event "Politiken Cup"]
[Site "Copenhagen"]
[Date "2006.07.24"]
[Round "3.32"]
[White "Petersen, Soren Boeck"]
[Black "Tandrup, Michael"]
[Result "1-0"]
[WhiteElo "2244"]
[BlackElo "2028"]
[PlyCount "83"]
[EventDate "2006.??.??"]

1. e4 e6 2. d4 d5 3. e5 c5 4. c3 Nc6 5. Nf3 Nge7 6. Bd3 Nf5 7. O-O cxd4 8. Bxf5
exf5 9. Nxd4 Nxd4 10. Qxd4 Be7 11. Nd2 O-O 12. Nb3 b6 13. Rd1 Be6 14. Be3 Rc8
15. Qd3 Qc7 16. Bd4 Rfd8 17. Nc1 Bf8 18. Ne2 Qe7 19. Qg3 g6 20. Nf4 Kh8 21. h4
h5 22. a4 Kh7 23. a5 b5 24. Be3 a6 25. Nh3 Bh6 26. Rd4 Rc4 27. Rad1 Bxe3 28.
Qxe3 Rxd4 29. Rxd4 Rc8 30. Nf4 Rd8 31. Qf3 Qc7 32. Rd3 Kg7 33. Qg3 Kh7 34. Qg5
Rd7 35. Nxh5 Qxe5 36. Nf6+ Kg7 37. Nxd7 Bxd7 38. Re3 Qb8 39. h5 Qd6 40. hxg6
Qxg6 41. Qxg6+ Kxg6 42. Re7 1-0

[Event "Politiken Cup"]
[Site "Copenhagen"]
[Date "2006.07.24"]
[Round "3.33"]
[White "Royset, Paal"]
[Black "Hansen, Herluf"]
[Result "1-0"]
[WhiteElo "2228"]
[BlackElo "2028"]
[PlyCount "73"]
[EventDate "2006.??.??"]

1. e4 e5 2. Nf3 Nc6 3. Bb5 a6 4. Ba4 Nf6 5. d3 Bc5 6. O-O b5 7. Bb3 d6 8. c3
Qe7 9. a4 Rb8 10. axb5 axb5 11. Na3 Na7 12. Nc2 c6 13. d4 Bb6 14. Nb4 c5 15.
dxe5 dxe5 16. Nd5 Nxd5 17. Bxd5 c4 18. b3 Bc5 19. Ng5 f6 20. Nh3 Bd7 21. Ra6
Bc8 22. Ra5 Qc7 23. Ra2 h5 24. Kh1 g5 25. bxc4 g4 26. Ng1 bxc4 27. f4 Bd6 28.
Ne2 Nb5 29. Ra4 Bd7 30. Rxc4 Qb6 31. fxe5 Bxe5 32. Bf4 Nd6 33. Rb4 Qa7 34. Qd2
Rxb4 35. cxb4 Bb5 36. Bxe5 fxe5 37. Bc6+ 1-0

[Event "Politiken Cup"]
[Site "Copenhagen"]
[Date "2006.07.24"]
[Round "3.34"]
[White "Molvig, Henrik"]
[Black "Saemundsson, Bjarni"]
[Result "1/2-1/2"]
[WhiteElo "2218"]
[BlackElo "1945"]
[PlyCount "65"]
[EventDate "2006.??.??"]

1. d4 d5 2. c4 e6 3. Nc3 Nf6 4. Bg5 Be7 5. e3 O-O 6. Nf3 h6 7. Bh4 b6 8. Be2
Bb7 9. Bxf6 Bxf6 10. cxd5 exd5 11. O-O Qe7 12. Qb3 c6 13. Rfe1 Rd8 14. Rad1 Nd7
15. Bf1 Nf8 16. g3 Ne6 17. Bg2 Rac8 18. Qa4 Qc7 19. Rc1 Qb8 20. b4 c5 21. bxc5
bxc5 22. Red1 cxd4 23. Nxd4 Rc4 24. Qa5 Nxd4 25. exd4 Bxd4 26. Nxd5 Rxc1 27.
Rxc1 Bxd5 28. Bxd5 Bb6 29. Qd2 Qe5 30. Rd1 Qf5 31. Kg2 Kh8 32. f3 Kg8 33. Qd3
1/2-1/2

[Event "Politiken Cup"]
[Site "Copenhagen"]
[Date "2006.07.24"]
[Round "3.36"]
[White "Hassan, Omar Elsayed"]
[Black "Preuss, Flemming"]
[Result "1-0"]
[WhiteElo "2153"]
[BlackElo "2023"]
[PlyCount "95"]
[EventDate "2006.??.??"]

1. d4 f5 2. g4 d5 3. g5 g6 4. Bf4 Bg7 5. Nc3 c6 6. Qd3 Be6 7. h4 Na6 8. a3 Bf7
9. O-O-O e6 10. e3 Ne7 11. Be2 Nc7 12. Na4 b6 13. Nf3 Nb5 14. Ne5 Nd6 15. Qa6
O-O 16. h5 Ne4 17. Rh2 Rc8 18. f3 Nd6 19. hxg6 Bxg6 20. Rdh1 Nf7 21. Nxg6 hxg6
22. Qd3 e5 23. dxe5 Nxe5 24. Qd2 Qd7 25. Rh7 Qe6 26. Ba6 Rc7 27. Rxg7+ Kxg7 28.
Qh2 Kf7 29. Bxe5 Rd7 30. Qf4 Ke8 31. Bf6 d4 32. exd4 Rxf6 33. gxf6 Qxf6 34. Qe5
Qxe5 35. dxe5 Rd5 36. e6 Kf8 37. Bc4 Re5 38. Nc3 b5 39. f4 Re3 40. Bb3 Kg7 41.
Kd2 Rf3 42. Ne2 c5 43. c3 c4 44. Bc2 Kf6 45. Rh8 Nd5 46. Rh7 Rf2 47. Ke1 Rg2
48. Nd4 1-0

[Event "Politiken Cup"]
[Site "Copenhagen"]
[Date "2006.07.24"]
[Round "3.37"]
[White "Hernandez Castro, Julio Cesar"]
[Black "Jaeger, Frode Bull"]
[Result "0-1"]
[WhiteElo "1916"]
[BlackElo "2104"]
[PlyCount "88"]
[EventDate "2006.??.??"]

1. d4 Nf6 2. c4 g6 3. Nc3 Bg7 4. e4 d6 5. f3 O-O 6. Be3 c5 7. Nge2 Nc6 8. Qd2
e6 9. O-O-O Qa5 10. g4 a6 11. Ng3 cxd4 12. Bxd4 Nxd4 13. Qxd4 Nd5 14. Qxg7+
Kxg7 15. cxd5 b5 16. Kb1 b4 17. Nce2 Bb7 18. Nf4 e5 19. Ng2 Qb6 20. Bc4 a5 21.
f4 exf4 22. Nxf4 Rac8 23. b3 Ba6 24. Bxa6 Qxa6 25. Nge2 a4 26. Nd4 axb3 27.
axb3 Ra8 28. Kc2 Rfc8+ 29. Kd2 Qa2+ 30. Ke3 Rc3+ 31. Nd3 Re8 32. g5 Qg2 33. Nf3
Qg4 34. Nd2 Qxg5+ 35. Kd4 f5 36. Rhe1 Qf6+ 37. Ke3 fxe4 38. Nxe4 Qf5 39. Kd4
Rxd3+ 40. Kxd3 Qxd5+ 41. Kc2 Qc6+ 42. Kd3 Rxe4 43. Rxe4 Qc3+ 44. Ke2 Qc2+ 0-1